000
00278nam a2200121 a 4500
008
101022s1971|||| d
245
1
0
_a
Mestečko v Nemecku
044
_a
xo
_c
SK
041
_a
slo
260
_c
1971
_b
Smena
_a
Bratislava
100
1
_a
Le Carré, John
020
_c
25
999
_c
12104
_d
12104